A Study of Compensation Management System (Record no. 69054)

MARC details
000 -LEADER
fixed length control field 00375nam a2200145Ia 4500
008 - FIXED-LENGTH DATA ELEMENTS--GENERAL INFORMATION
fixed length control field 221007s9999 xx 000 0 und d
041 ## - LANGUAGE CODE
Language code of text/sound track or separate title eng
082 ## - DEWEY DECIMAL CLASSIFICATION NUMBER
Item number WAK
100 ## - MAIN ENTRY--PERSONAL NAME
Personal name Wakankar Shivanee (2k81177)
9 (RLIN) 101899
245 #2 - TITLE STATEMENT
Title A Study of Compensation Management System
260 ## - PUBLICATION, DISTRIBUTION, ETC. (IMPRINT)
Date of publication, distribution, etc. 2010
Name of publisher, distributor, etc. Pune University
Place of publication, distribution, etc. Pune
300 ## - PHYSICAL DESCRIPTION
Extent 87p
520 ## - SUMMARY, ETC.
Summary, etc. Singh Arpita
906 ## - LOCAL DATA ELEMENT F, LDF (RLIN)
b General
Holdings
Withdrawn status Lost status Damaged status Not for loan Home library Current library Date acquired Vendor Total Checkouts Full call number Barcode Date last seen Bill Date Koha item type Original Barcode
        Smt. Hiraben Nanavati Institute of Management & Research for Women Smt. Hiraben Nanavati Institute of Management & Research for Women 01/01/2004 Satya Gilani   WAK HIMR-PR-412 07/10/2022 01/01/2004 Project Reports PR0412